<?xml version="1.0" encoding="UTF-8"?><?xml-stylesheet type="text/xsl" href="static/style.xsl"?><OAI-PMH xmlns="http://www.openarchives.org/OAI/2.0/" xmlns:xsi="http://www.w3.org/2001/XMLSchema-instance" xsi:schemaLocation="http://www.openarchives.org/OAI/2.0/ http://www.openarchives.org/OAI/2.0/OAI-PMH.xsd"><responseDate>2026-06-29T02:06:14Z</responseDate><request verb="GetRecord" identifier="oai:docta.ucm.es:20.500.14352/117283" metadataPrefix="marc">https://docta.ucm.es/rest/oai/request</request><GetRecord><record><header><identifier>oai:docta.ucm.es:20.500.14352/117283</identifier><datestamp>2025-03-18T14:57:40Z</datestamp><setSpec>com_20.500.14352_14</setSpec><setSpec>col_20.500.14352_15</setSpec></header><metadata><record xmlns="http://www.loc.gov/MARC21/slim" xmlns:dcterms="http://purl.org/dc/terms/" xmlns:xsi="http://www.w3.org/2001/XMLSchema-instance" xmlns:doc="http://www.lyncode.com/xoai" xsi:schemaLocation="http://www.loc.gov/MARC21/slim http://www.loc.gov/standards/marcxml/schema/MARC21slim.xsd">
   <leader>00925njm 22002777a 4500</leader>
   <datafield ind2=" " ind1=" " tag="042">
      <subfield code="a">dc</subfield>
   </datafield>
   <datafield ind2=" " ind1=" " tag="720">
      <subfield code="a">Gutiérrez Martín, Daniel</subfield>
      <subfield code="e">author</subfield>
   </datafield>
   <datafield ind2=" " ind1=" " tag="720">
      <subfield code="a">Hernando González, María</subfield>
      <subfield code="e">author</subfield>
   </datafield>
   <datafield ind2=" " ind1=" " tag="720">
      <subfield code="a">Parras Vázquez, Marina Marta</subfield>
      <subfield code="e">author</subfield>
   </datafield>
   <datafield ind2=" " ind1=" " tag="720">
      <subfield code="a">Torres Pardo, María De La Almudena</subfield>
      <subfield code="e">author</subfield>
   </datafield>
   <datafield ind2=" " ind1=" " tag="720">
      <subfield code="a">Fernández Díaz , Mª Teresa</subfield>
      <subfield code="e">author</subfield>
   </datafield>
   <datafield ind2=" " ind1=" " tag="720">
      <subfield code="a">Savvin, S</subfield>
      <subfield code="e">author</subfield>
   </datafield>
   <datafield ind2=" " ind1=" " tag="720">
      <subfield code="a">Rodrigues, Joao</subfield>
      <subfield code="e">author</subfield>
   </datafield>
   <datafield ind2=" " ind1=" " tag="720">
      <subfield code="a">González Calbet , Jose Mª</subfield>
      <subfield code="e">author</subfield>
   </datafield>
   <datafield ind2=" " ind1=" " tag="720">
      <subfield code="a">Silva Jr , Romualdo</subfield>
      <subfield code="e">author</subfield>
   </datafield>
   <datafield ind2=" " ind1=" " tag="720">
      <subfield code="a">Martínez, Jose Luis</subfield>
      <subfield code="e">author</subfield>
   </datafield>
   <datafield ind2=" " ind1=" " tag="720">
      <subfield code="a">Varela Losada, María Áurea</subfield>
      <subfield code="e">author</subfield>
   </datafield>
   <datafield ind2=" " ind1=" " tag="260">
      <subfield code="c">2025-01-27</subfield>
   </datafield>
   <datafield ind2=" " ind1=" " tag="520">
      <subfield code="a">This work provides a comprehensive examination of the structural and magnetic properties of 6H-BaFeO2.96 over a wide temperature range (10 K &lt; T &lt; 300 K) using neutron and synchrotron X-ray diffraction. Additionally, the local oxidation state of iron is examined using electron energy loss spectroscopy. No structural changes that could indicate a charge-order transition are observed in spite of a reported possible charge disproportionation of Fe4+ into Fe(4+δ)+ and Fe(4-δ)+ phenomenon at low temperature. According to the magnetic characterization, BaFeO2.96 orders antiferromagnetically at TN=156 K. The application of external magnetic fields strongly influences the magnetic behavior; the transition temperature shifts to lower values with the applied magnetic field and the long-range magnetic order melts with an applied field of 14 T. The magnetocaloric effect clearly shows at TN a change from negative to positive magnetic entropy. The Rietveld refinement of the neutron powder diffraction data collected at 10 K, gives a magnetic ordering with propagation vector [0, 0, ½] and three magnetically distinct sites for the Fe atoms. This magnetic structure consists of ferromagnetic Fe-sheets perpendicular to the c-axis with the magnetic moments along the [110] direction coupled both ferromagnetic and antiferromagnetically along the c-axis. The magnetic moment values of the three Fe ions are very differentevidencing a delicate equilibrium of competing magnetic interactions.</subfield>
   </datafield>
   <datafield ind1="8" ind2=" " tag="024">
      <subfield code="a">Gutiérrez-Martín, D., et al. «Unveiling the Magnetic Structure of BaFeO3-y: Shedding Light on the Elusive Magnetic Behavior». Journal of Alloys and Compounds, vol. 1010, enero de 2025, p. 177081. DOI.org (Crossref), https://doi.org/10.1016/j.jallcom.2024.177081.</subfield>
   </datafield>
   <datafield ind1="8" ind2=" " tag="024">
      <subfield code="a">10.1016/j.jallcom.2024.177081</subfield>
   </datafield>
   <datafield ind1="8" ind2=" " tag="024">
      <subfield code="a">https://hdl.handle.net/20.500.14352/117283</subfield>
   </datafield>
   <datafield ind1="8" ind2=" " tag="024">
      <subfield code="a">https://doi.org/10.1016/j.jallcom.2024.177081</subfield>
   </datafield>
   <datafield ind2="0" ind1="0" tag="245">
      <subfield code="a">Unveiling the magnetic structure of BaFeO3-y: Shedding light on the elusive magnetic behavior</subfield>
   </datafield>
</record></metadata></record></GetRecord></OAI-PMH>